000
00297nam a22001457a 4500
003
SGT
020
_a
8171797210
082
_a
362
_b
FRA
100
_a
FRANCIS,C.M
245
_a
HOSPITAL ADMINISTRATION
250
_a
3RD
260
_b
JAYPEE PUBLISHER
_c
2004
300
_a
385
942
_2
ddc
_c
BK
_0
7
999
_c
16335
_d
16335